Imogen, obviously / (Record no. 384907)
[ view plain ]
| 000 -LEADER | |
|---|---|
| fixed length control field | 02631cam a2200469 i 4500 |
| 001 - CONTROL NUMBER | |
| control field | on1375383450 |
| 003 - CONTROL NUMBER IDENTIFIER | |
| control field | OCoLC |
| 005 - DATE AND TIME OF LATEST TRANSACTION | |
| control field | 20240314153042.0 |
| 008 - FIXED-LENGTH DATA ELEMENTS--GENERAL INFORMATION | |
| fixed length control field | 230410s2023 nyu d 000 1 eng d |
| 010 ## - LIBRARY OF CONGRESS CONTROL NUMBER | |
| LC control number | 2022952461 |
| 020 ## - INTERNATIONAL STANDARD BOOK NUMBER | |
| International Standard Book Number | 9780063045873 |
| Qualifying information | (hardback) |
| 020 ## - INTERNATIONAL STANDARD BOOK NUMBER | |
| International Standard Book Number | 0063045877 |
| Qualifying information | (hardback) |
| 035 ## - SYSTEM CONTROL NUMBER | |
| System control number | (OCoLC)1375383450 |
| 040 ## - CATALOGING SOURCE | |
| Original cataloging agency | IG$ |
| Language of cataloging | eng |
| Description conventions | rda |
| Transcribing agency | IG$ |
| Modifying agency | RNL |
| -- | UOK |
| 049 ## - LOCAL HOLDINGS (OCLC) | |
| Holding library | UOKA |
| 092 ## - LOCALLY ASSIGNED DEWEY CALL NUMBER (OCLC) | |
| Classification number | young adult fiction |
| Item number | Albertalli |
| 100 1# - MAIN ENTRY--PERSONAL NAME | |
| Personal name | Albertalli, Becky |
| Relator term | author. |
| 9 (RLIN) | 5813131 |
| 245 10 - TITLE STATEMENT | |
| Title | Imogen, obviously / |
| Statement of responsibility, etc | Becky Albertalli. |
| 250 ## - EDITION STATEMENT | |
| Edition statement | First edition. |
| 264 #1 - Production, Publication, Distribution, Manufacture, and Copyright Notice. | |
| Place of production, publication, distribution, manufacture | New York : |
| Name of producer, publisher, distributor, manufacturer | Balzer + Bray, an imprint of HarperCollinsPublishers, |
| Date of production, publication, distribution, manufacture, or copyr | 2023. |
| 300 ## - PHYSICAL DESCRIPTION | |
| Extent | 416 pages ; |
| Dimensions | 22 cm. |
| 336 ## - Content Type | |
| Content type term | text |
| 337 ## - Media type | |
| Media type term | unmediated |
| 338 ## - Carrier type | |
| Carrier type term | volume |
| 520 ## - SUMMARY, ETC. | |
| Summary, etc | "Imogen Scott may be hopelessly heterosexual, but she's got the Worlds Greatest Ally title locked down. She's never missed a Pride Alliance meeting. She knows more about queer media discourse than her very queer little sister. She even has two queer best friends. There's Gretchen, a fellow high school senior, who helps keep Imogen's biases in check. And then there's Lili--newly out and newly thriving with a cool new squad of queer college friends. Imogen's thrilled for Lili. Any ally would be. And now that she's finally visiting Lili on campus, she's bringing her ally A game. Any support Lili needs, Imogen's all in. Even if that means bending the truth, just a little. Like when Lili drops a tiny queer bombshell: she's told all her college friends that Imogen and Lili used to date. And none of them know that Imogen is a raging hetero--not even Lili's best friend, Tessa. Of course, the more time Imogen spends with chaotic, freckle-faced Tessa, the more she starts to wonder if her truth was ever all that straight to begin with..." -- |
| 586 ## - AWARDS NOTE | |
| Awards note | Stonewall Book Award, Young Adult Honor, 2024. |
| 650 #0 - SUBJECT ADDED ENTRY--TOPICAL TERM | |
| Topical term or geographic name as entry element | Sexual minorities |
| Form subdivision | Fiction. |
| 9 (RLIN) | 5741129 |
| 650 #0 - SUBJECT ADDED ENTRY--TOPICAL TERM | |
| Topical term or geographic name as entry element | Female friendship |
| Form subdivision | Fiction |
| 9 (RLIN) | 5674580 |
| 650 #0 - SUBJECT ADDED ENTRY--TOPICAL TERM | |
| Topical term or geographic name as entry element | Lesbians |
| Form subdivision | Fiction |
| 9 (RLIN) | 5678599 |
| 650 #0 - SUBJECT ADDED ENTRY--TOPICAL TERM | |
| Topical term or geographic name as entry element | Sexual orientation |
| Form subdivision | Fiction |
| 9 (RLIN) | 5793331 |
| 650 #0 - SUBJECT ADDED ENTRY--TOPICAL TERM | |
| Topical term or geographic name as entry element | Dating (Social customs) |
| Form subdivision | Fiction |
| 9 (RLIN) | 5675717 |
| 650 #0 - SUBJECT ADDED ENTRY--TOPICAL TERM | |
| Topical term or geographic name as entry element | High school students |
| Form subdivision | Fiction |
| 9 (RLIN) | 5684789 |
| 650 #0 - SUBJECT ADDED ENTRY--TOPICAL TERM | |
| Topical term or geographic name as entry element | College students |
| Form subdivision | Fiction |
| 9 (RLIN) | 5677278 |
| 650 #0 - SUBJECT ADDED ENTRY--TOPICAL TERM | |
| Topical term or geographic name as entry element | Stonewall Book Award. |
| 9 (RLIN) | 6448030 |
| 655 #0 - INDEX TERM--GENRE/FORM | |
| Genre/form data or focus term | Young adult fiction. |
| 655 #7 - INDEX TERM--GENRE/FORM | |
| Genre/form data or focus term | Novels |
| Source of term | lcgft |
| 655 #7 - INDEX TERM--GENRE/FORM | |
| Genre/form data or focus term | Romance fiction |
| Source of term | lcgft |
| 655 #7 - INDEX TERM--GENRE/FORM | |
| Genre/form data or focus term | Queer fiction |
| Source of term | lcgft |
| 9 (RLIN) | 6462087 |
| 655 #7 - INDEX TERM--GENRE/FORM | |
| Genre/form data or focus term | Lesbian fiction |
| Source of term | lcgft |
| 9 (RLIN) | 5809406 |
| 655 #7 - INDEX TERM--GENRE/FORM | |
| Genre/form data or focus term | Campus fiction |
| Source of term | lcgft |
| 9 (RLIN) | 5771251 |
| 942 ## - ADDED ENTRY ELEMENTS (KOHA) | |
| Source of classification or shelving scheme | Dewey Decimal Classification |
| Koha item type | BOOK |
| Withdrawn status | Lost status | Source of classification or shelving scheme | Damaged status | Not for loan | Collection code | Home library | Current library | Shelving location | Date acquired | Source of acquisition | Total Checkouts | Full call number | Barcode | Date last seen | Date checked out | Cost, replacement price | Price effective from | Koha item type |
|---|---|---|---|---|---|---|---|---|---|---|---|---|---|---|---|---|---|---|
| Dewey Decimal Classification | Young Adult Fiction | Wasatch County Library | Wasatch County Library | Main Floor Teen Area | 03/14/2024 | Amazon | 2 | YA Albertalli | 34301002069401 | 10/01/2025 | 09/24/2025 | 19.99 | 03/14/2024 | BOOK |
